00970ngm a2200253 a 450000500170000000800410001708200170005824500710007525000190014630000630016549000140022850000900024265000650033265000460039765000470044370000260049094200200051626400420053633600270057833700330060533800280063804000350066699900150070120220317001251.0160825s1998 ck g 000 0 spa 04a791.43bM14v10aVampiros en La Habanacdirección Juan Padrónhvideograbación a1a. edición  a1 videocasete en VHS (108 minutos)bsonido, color c20 cm  aLa maleta aLa película pertenece a la colección La Maleta. Dirigida para un público adulto142LEMBaPelículas cinematográficas cubanas vVideocasetes 142LEMBaCine latinoamericanovVideocasetes 142LEMBaPelículas cómicasvVideocasetes 1 aPadrón, Juan968521 2ddccVIDEOCASET aBogotábMinisterio de Culturac1998 atextobtxt2rdacontent asin mediaciónbn2rdamedia avolumenbnc2rdacarrier aCO-BoRNBPbspaerdacCO-BoRNBP c6440d6440